000 00431nam a2200181Ia 4500
003 GCL
008 140319s9999 xx 000 0 eng d
040 _aGCL /
_cGCL
082 0 4 _a882
_bK G
100 1 _aKITTO, H.D.F.
245 1 0 _aGREEK TRAGEDY: ALITERARY /
_cKITTO, H.D.F.
260 _a[S.N] :
_bROUTLEDGE ،
_c1993
300 _a401 P
650 0 4 _aLITERATURE
650 0 4 _aTRAGEDY
650 0 4 _aGREEK
942 _2ddc
_cBK
999 _c24627
_d24627